zpět

Detail výsledku týmu

U Pošty - Vinohrady ÚT, Praha

Datum a čas kvízu

21.5 Celkem bodů Celkový počet nahraných bodů na tomto kvízu bez doplňovacích otázek.
14. Pořadí na kvízu Konečné umístění týmu na tomto kvízu.

Zaznamenané odpovědi

# Otázka Odpověď Body Výsledky
1. Nejvyšší soud v pondělí defini... proti pokutám za dopravní přestupky 0
2. Po téměř šestileté přestávce s... Victoria’s Secret 1
3. Minulý týden měla premiéru fil... Výjimečný stav, Jan Hřebejk 0.5
4. Ve které evropské metropoli se... v Paříži 0
5. Ukrajinský šachový velmistr Ki... mobilní telefon 0
6. Tentokrát se v gastronomickém... tenderizér 0
7. Napište dvě slova pocházející... sous-vide 1
8. Nyní se podíváme na symboly, k... č. 5 1
9. Napište značku nádobí, kterou... Remoska 0
10. Tento nástroj je používán při... krevety (a garnáti) 0